000
00245nam a22001097a 4500
008
160523b xxu||||| |||| 00| 0 eng d
020
_a
0805842578
041
_a
eng
080
_a
316.77
245
_a
Mixed media:
_c
Thomas Bivins;
942
_2
udc
_c
BK
999
_c
2383
_d
2383